000 nam a22 a 4500
999 _c3380
_d3380
003 AKMAL
005 20170522124203.0
008 170522s1983 us a a 00 eng d
020 _a0256029113
040 _aAKMAL
082 0 4 _a658.40388 MCF
090 0 0 _a658.40388
_bMCF
100 1 _aMcFarlan, F. Warren
_q(( Franklin Warren ))
_96835
245 1 0 _aCorporate information systems management :
_bthe issues facing senior executives /
_cF. Warren McFarlan, James L. McKenney
260 _aHomewood, Ill. :
_bR.D. Irwin,
_c1983
300 0 0 _aix, 211 p. :
_bill. ;
_c24 cm
500 _a"Also published as the text portion of Corporate information systems management : text and cases by Cash, McFarlan & McKenney"--T.p. verso
504 _aIncludes index
504 _aBibliography: p. 201-206
650 0 _aManagement information systems
_9729
700 1 _aMcKenney, James L.
_96836
942 _2ddc
_cBOOK